000 01146nam a2200313Ia 4500
001 Para_9114
003 CHAP
008 220125s2006 xx 000 0 und d
010 _a207867
040 _cCHAP
090 _aPA TESIS 1962
100 _aSima González, Shenia Arely
_9106144
245 _aEvaluación de eficacia biológica de nematicidas orgánicos en contra de Meloidogyne incognita en el cultivo de tomate, en el Ejido Culiacán, Elota, Sinaloa /
_c por Shenia Arely Sima González
260 _aChapingo, Méx. :
_b el autor
300 _a56 h.
502 _aTesis (Ing. Agr. Esp. en Parasitología Agrícola) -- UACh. Departamento Parasitología Agrícola
650 _aMeloidogyne incognita
_974432
650 _aNematicidas orgánicos
_9174308
650 _aNemátodos parásitos de plantas
_x control
_9169574
650 _aTomate
_x plagas
_9113748
710 _aUACh. Departamento Parasitología Agrícola
_9164025
901 _aPA TESIS 1962
902 _aA
905 _a0000002006 ain 0000000000spa00
910 _a2006
942 _cPARA
942 _cPARA
_d2
999 _c207867
_d207867